Normal view
MARC view
- تأليف دانيال، كلين ؛ ترجمة ليون يوسف
Entry Personal Name
001 - CONTROL NUMBER
- control field: 18822
003 - CONTROL NUMBER IDENTIFIER
- control field: JO-AjAnu
005 - DATE AND TIME OF LATEST TRANSACTION
- control field: 20230606073311.0
008 - FIXED-LENGTH DATA ELEMENTS
- fixed length control field: 230606|| aca||aabn | a|a d
040 ## - CATALOGING SOURCE
- Original cataloging agency: JO-AjAnu
- Transcribing agency: JO-AjAnu
100 ## - HEADING--PERSONAL NAME
- Personal name: تأليف دانيال، كلين ؛ ترجمة ليون يوسف
670 ## - SOURCE DATA FOUND
- Source citation: Work cat.: (JO-AjAnu)9660: تأليف دانيال، كلين ؛ ترجمة ليون يوسف, author, موسوعة علم الآثار، ج1